000 01018nam a2200289 i 4500
001 000012564
003 DO-SdBNP
005 20240604150546.0
007 ta
008 091113s1976 dr 000 0 spa d
040 _aDO-SdBNP
_bspa
_cBNPHU
_erda
082 4 _a808.882
_bM433an
_222
100 1 _aMatos Díaz, Eduardo,
_921060
_eautor
245 1 0 _aAnecdotario de una tirania /
_cEduardo Matos Diaz.
264 _aSanto Domingo :
_bTaller,
_c1976.
300 _a129 páginas ;
_c20 cm.
336 _2rdacontent
_atexto
_btxt
337 _2rdamedia
_asin mediación
_bn
338 _2rdacarrier
_avolumen
_bnc
490 _aBiblioteca Taller
_v81
590 _aInventariado, 2024/BT
600 1 4 _aTrujillo Molina, Rafael Leónidas,
_d1891-1961
_vAnécdotas, chistes y sátiras, etc.
_922667
650 4 _aAnécdotas
_921242
650 4 _aPresidentes
_zRepública Dominicana
_xAnécdotas
_929272
651 4 _aRepùblica Dominicana
_xPolítica y gobierno
_xAnécdotas, chistes, satiras, etc.
_927146
942 _2ddc
_cLBS1
999 _c12219
_d12219